000 00790nam a22002177a 4500
999 _c8709
_d8709
003 AR-CdUCM
008 190325b ||||| |||| 00| 0 spa d
040 _aMUNICIPALIDAD PROVINCIAL DEL CUSCO
_cBIBLIOTECA MUNICIPAL DEL CUSCO
082 _a378.6 /
_bC93
100 _aCuadros y Villena, Carlos Ferdinand
_912084
245 _aSentido creador de la universidad :
_bideas para un programa de reforma universitaria /
260 _aCuzco :
_bTalls. de la Edit. Garcilaso,
_c1960.
300 _a25 páginas ;
_c24 cm.
440 _aEdiciones del Centro de Estudios Jurídicos
_n13
_924317
500 _aIncluye referencias bibliográficas.
650 _aCusco
_9772
650 _aReforma universitaria
_91992
650 _aEducación Superior
_924318
942 _2ddc
_cLIBROS
945 _araen